homelands: women's tennis players - Statistics

General Stats
  • This quiz has been taken 7 times
  • The average score is 11 of 15
Answer Stats
Question Answer % Correct
Ashleigh Barty Australia
100%
Aryna Sabalenka Belarus
100%
Marketa Vondroušová Czechia
100%
Naomi Osaka Japan
100%
Elena Rybakina Kazahstan
100%
Iga Świątek Poland
100%
Belinda Bencic Switzerland
100%
Ons Jabeur Tunisia
100%
Elise Mertens Belgium
50%
Anett Kontaveit Estonia
50%
Angelique Kerber Germany
50%
Jelena Ostapenko Latvia
50%
Marta Kostyuk Ukraine
50%
Sloane Stephens USA
50%
Sara Sorribes Tormo Spain
0%
No matching quizzes found
Score Distribution
Percent of People with Each Score
Percentile by Number Answered
Your Score History
You have not taken this quiz